| 000 | 00443cam a2200169ua 4500 | ||
|---|---|---|---|
| 020 | _c1600.00 | ||
| 041 |
_aeng _h |
||
| 082 |
_a634.987 _bBAS/HA |
||
| 100 | _aBasra, Amarjith S. | ||
| 245 | 0 | 0 |
_aHand book of seed science and technology / _cAmarjith S Basra. _hTextual Documents |
| 260 |
_aJodhpur : _bScientific Publishers , _c2007. |
||
| 300 | _a ; . | ||
| 365 | _a1600.00 | ||
| 504 | _a | ||
| 942 | _cBK | ||
| 999 |
_c13520 _d13520 |
||